[Event "Karpov-Piket Match"]
[Site "Monte Carlo"]
[Date "1999.02.26"]
[Round "5"]
[White "Piket, Jeroen"]
[Black "Karpov, Anatoly"]
[Result "1/2-1/2"]
[WhiteElo "2619"]
[BlackElo "2710"]
[Annotator "Golod,Vitali"]
[PlyCount "82"]
[EventDate "1999.02.21"]
[EventType "match"]
[EventRounds "8"]
[EventCountry "MNC"]
[SourceTitle "CBM 070"]
[Source "ChessBase"]
[SourceDate "1999.06.08"]
[SourceVersion "1"]
[SourceVersionDate "1999.06.08"]
[SourceQuality "1"]

1. d4 {Golod,Vitali Piket} Nf6 2. c4 e6 3. Nc3 Bb4 4. Qc2 O-O 5. a3 Bxc3+ 6. Qxc3 b6 7. Bg5 Bb7 8. f3 h6 9. Bh4 d5 10. e3 Nbd7 11. cxd5 $5 {Besides,white has two options:} (11. Nh3) ({and} 11. Bd3) ({RR} 11. Nh3) ({RR} 11. Bd3) 11... Nxd5 12. Bxd8 Nxc3 13. Bh4 $5 ({There are three alternatives:} 13. Be7 $6) (13. Bxc7 $5) (13. bxc3 $6) ({RR} 13. Be7) ({RR} 13. Bxc7) ({RR} 13. bxc3 Rfxd8 14. Bd3 c5 15. Ne2 Rac8 16. Kf2 Kf8 17. Rhc1 Ke7 18. e4 Rc7 19. Ke3 Rdc8 20. Kd2 Nb8 21. Rab1 Ba6 22. Bxa6 Nxa6 23. g3 cxd4 24. cxd4 Rxc1 25. Rxc1 Rxc1 26. Nxc1) 13... Nd5 14. Bf2 ({RR} 14. Kf2 f5 15. Bb5 c6 16. Bc4 e5 17. Ne2 exd4 18. Nxd4 Ne5) 14... f5 $5 {e5-e4} ({In my opinion slightly worse is:} 14... c5 {-see comments to Teplitsky,Y-Gershon,A/Bermuda,1999/CBM 69(½-½)(Golod,V)(27)and Kramnik,V-Adams,M/Linares,1999/CBM70 (1-0)(Golod,V)(38)} {RR} 15. Bb5 N5f6 ({RR} 15... Rad8 16. Ne2 cxd4 17. Nxd4 a6 18. Be2 Nc5 19. O-O Na4 20. Rab1 Rc8 21. Rfd1 Rfd8 22. Rd2 Ne7 23. Rbd1) 16. Ne2 a6 17. Ba4 b5 18. Bc2 cxd4 19. Nxd4 Rac8 20. O-O-O g6 21. e4 Rc7 22. Kb1 Rfc8 23. Rc1) ({RR} 14... c5 15. e4 Ne7 ({RR} 15... Nf4 16. Bb5 Nf6 ({RR} 16... Rfd8 17. Ne2 ({RR} 17. g3 Ng6 18. Ne2 cxd4 19. Nxd4 Nde5 20. Rd1 Rxd4 21. Bxd4 Nxf3+ 22. Ke2 Bxe4 23. Bc3) 17... Nxe2 18. Kxe2 cxd4 19. Bxd4 Rac8 20. Rac1 Nb8 21. Be3 ({RR} 21. Rxc8 Rxc8 22. Rd1 Ba6 23. Bxa6 Nxa6 24. Bc3 Nc5 25. Ke3 Kf8) 21... Nc6 22. Rc3 ({RR} 22. Rhd1) 22... a6) ({RR} 16... Rad8 17. g3 ({RR} 17. Ne2 Nxe2 18. Kxe2) 17... Ng6 18. Rd1 f5 19. exf5 exf5) 17. Ne2 Nxe2 18. Kxe2 cxd4 19. Bxd4 Nh5 20. Be3 f5 21. exf5 Rxf5 22. Bd3 Nf4+ 23. Bxf4 Rxf4) ({RR} 15... N5f6 16. dxc5 ({RR} 16. Ne2) 16... Nxc5 17. Bxc5 bxc5 18. Rc1 Rac8 19. Bb5 Rfd8 20. Ne2 Rd6) 16. Bb5 Nc6 17. Ne2 Rfc8 18. O-O cxd4 19. Nxd4 Nc5 20. Nxc6) ({RR} 14... Rac8 15. Ne2 ({RR} 15. e4 Ne7 16. Bb5 c6 17. Ba4 b5 18. Bc2 c5 19. dxc5 Nxc5 20. Ne2 Rfd8 21. Rd1 Rxd1+ 22. Kxd1 a6 23. Kd2 Ng6 24. Bg3 Nd7 25. Rd1 Kf8) 15... c5 16. e4 Ne7 17. Nc3 cxd4 18. Bxd4 Nc5 19. Rd1 Nb3 20. Be3 ({RR} 20. Bxg7 Kxg7 21. Rd7 Nc6 22. Rxb7 Nc5) 20... Rfd8) ({RR} 14... Rfc8 15. e4 Ne7 16. Bb5 ({RR} 16. Ne2 c5 17. Nc3 cxd4 18. Bxd4 Nc6 19. Be3 Na5) 16... c6 17. Ba4 b5 18. Bb3 c5 19. Ne2 c4 ({RR} 19... cxd4 20. Nxd4 Nc5 21. Bc2) 20. Bc2 a5 21. Kd2 f5 ({RR} 21... b4 22. axb4 axb4 23. Rhc1) 22. exf5 exf5 23. Rhe1 Kf7 24. Nc3 Ba6 ({RR} 24... b4 25. Nb5 Ra6 26. axb4) 25. Bg3 ({RR} 25. b4 axb4 26. axb4 Rd8)) 15. Bb5 $5 {Is the best move.Other alternatives are:} (15. Bc4 $143) ({and} 15. Bd3 {From 15.Bd3 to 20...e7of this game,you can see comments in the game:Gelfand,B-Tiviakov,S/Elista,1998/CBM 65(½-½)(Golod,V)(23)}) ({RR} 15. Bd3 e5 16. Ne2 Rae8 17. O-O exd4 18. exd4 N7f6 ({RR} 18... Re7 19. Rfe1 Rf6 20. Nc3 Kf8 21. Rxe7 Kxe7 22. Re1+ Kd8 23. Bc4) 19. Rfe1 f4 20. Bg6 Re7 21. Nc3 Rd7 22. Bf5 Rdd8 23. Re5 Rfe8 24. Rae1 Kf8 25. Bg6 Rxe5 26. dxe5 Ng8 27. Nb5 ({RR} 27. Bh4 Nge7 28. Be4 g5 29. Bf2 Nxc3 30. Bxb7 Nd1 31. Re2 Nxb2 32. h4 Rd1+ 33. Kh2 Nd3 34. hxg5 hxg5 35. Kh3 Rf1 36. Bd4 Nf5 37. Rd2 Ne3) 27... Nge7 ({RR} 27... a6 28. Nd4 Rb8 29. Ne6+ Ke7 30. Nxg7) 28. Be4 Nc6 29. Bxd5 ({RR} 29. e6) 29... Rxd5) 15... c6 16. Bd3 ({RR} 16. Bc4 Kh8 ({RR} 16... c5 17. Ne2 Rac8 18. Bb5 ({RR} 18. Bb3 c4 19. Ba4 b5 20. Bc2 a5 21. Nc3 b4 22. Nxd5 exd5 23. axb4 axb4 24. Ra7 Bc6 25. O-O b3 26. Bb1 g6) ({RR} 18. e4 fxe4 19. fxe4 cxd4 20. Ba2 N5f6 21. Bxe6+ Kh8) 18... N7f6 ({RR} 18... Rfd8 19. O-O ({RR} 19. Rd1 a6 20. Bd3 b5 21. O-O c4 22. Bc2 a5 23. e4 fxe4 24. fxe4 N5f6) 19... a6 20. Ba4 cxd4 21. Nxd4 Nc5 22. Bc2 a5 23. Rfe1 Ba6 24. Rad1 g6 25. Bg3 a4 26. Rd2 Bc4 27. Kf2 Nf6 28. Red1 Rd5 29. Ne2 Nb3 30. Rxd5 Nxd5 31. Bb1) ({RR} 18... Bc6 19. Bxc6 ({RR} 19. Ba6 Rce8 ({RR} 19... Rb8 20. Bd3 b5 21. dxc5 Nxc5 22. Bc2 Na4 23. b3 Nac3 24. e4 fxe4 25. fxe4 Rxf2 26. Kxf2 Rf8+ 27. Ke1 Ne3 28. Nxc3 Nxc2+ 29. Kd2 Nxa1 30. Rxa1 Rd8+ 31. Ke3) 20. Rc1 ({RR} 20. Bc4) 20... b5 21. dxc5 e5 22. a4 Nb4 23. axb5 Nxc5 24. O-O Nbxa6 25. bxc6) 19... Rxc6 20. dxc5 bxc5 21. O-O-O Ne5 22. Nf4 c4 23. Kc2 Nd3) ({RR} 18... Rf7 19. O-O a6 20. Bd3 b5 21. Rac1 ({RR} 21. e4 fxe4 22. fxe4 Nf4 23. Nxf4 Rxf4 24. Be3 Rxf1+ 25. Rxf1 c4 26. Bc2 Nf6) 21... c4 22. Bc2 e5 ({RR} 22... a5 23. Nc3 b4 24. axb4 axb4 25. Nb5) 23. dxe5 ({RR} 23. e4 fxe4 24. Bxe4 exd4 25. Bxd4) 23... Nxe5 24. Rfd1 Re8 25. Nc3) 19. dxc5 Rxc5 20. Bd3 Rcc8 21. Nd4 Rfe8 22. O-O Rcd8 23. Bb5 Re7 24. Rfd1) 17. Ne2 e5 18. O-O Rae8 19. Rfe1 e4 20. Bxd5 cxd5 21. Rac1 Rc8 22. Nf4 Rfe8 23. h4) ({RR} 16. Ba4 e5 ({RR} 16... b5 17. Bc2 ({RR} 17. Bb3 c5 18. Ne2 c4 19. Bc2 e5 20. e4 fxe4 21. fxe4 Nf4 22. Nxf4 Rxf4 23. d5 Nf6 24. g3 Rxe4+ 25. Bxe4 Nxe4 26. Rd1 Nf6) 17... b4 ({RR} 17... c5 18. dxc5 Nxc5 19. e4) ({RR} 17... e5 18. Ne2) ({RR} 17... Rac8 18. b4 a5) ({RR} 17... N7b6 18. e4 fxe4 19. fxe4 Nf6 20. Nf3) 18. Ne2 bxa3 19. Rxa3) ({RR} 16... Rfd8 17. Ne2 c5 18. O-O-O ({RR} 18. Bxd7 Rxd7 19. dxc5 bxc5 20. Rc1 Rc8) ({RR} 18. O-O Ba6 19. Rfe1 cxd4 20. Nxd4 Nc5 21. Bc2) 18... Rac8 19. Kb1 g6 ({RR} 19... cxd4 20. Nxd4 Nc5 21. Bc2) ({RR} 19... Ba6 20. Rhe1) 20. Rhe1 cxd4 21. Nxd4 ({RR} 21. exd4 Kf7) 21... Nc5 22. Bc2 e5 23. Ne2 ({RR} 23. Nb3 Ne6 24. e4 fxe4 25. Rxe4 Nef4 26. Rxe5 Nxg2 27. Rg1 Ndf4 28. Bxg6 Bxf3 29. Be4 Bxe4+ 30. Rxe4) 23... Ba6 ({RR} 23... e4 24. Nd4 Ba6) 24. Nc1 ({RR} 24. e4 fxe4 25. fxe4 Nf6 26. Nc3 Nd3) 24... Kg7 ({RR} 24... e4 25. Bg3) ({RR} 24... Nf6 25. Bg3 e4 26. Rxd8+ Rxd8 27. Be5 Kf7) 25. Bh4 ({RR} 25. e4 fxe4 26. Bxc5) 25... Rd7 ({RR} 25... g5 26. Bxf5 Nxe3 27. Rxd8 Rxd8 28. Rxe3 gxh4 29. Rxe5 Kf6 30. f4 Rd2) ({RR} 25... Nf6 26. Bg3 e4 27. Be5) 26. e4 fxe4 27. Bxe4 ({RR} 27. fxe4 Nf4) 27... Bc4 ({RR} 27... Nf4 28. Rxd7+ Nxd7 29. Bg3 Nc5 30. Bc2 Kf6 31. Rd1) 28. Bc2 ({RR} 28. Bxd5 Bxd5 29. Rxe5 Be4+) 28... Re8 ({RR} 28... Nf4 29. Rxd7+ Nxd7 30. Rd1 Be6) 29. Ka1 ({RR} 29. Bf2 Nf4 30. Rxd7+ Nxd7 31. g3) ({RR} 29. b4 Nc3+) ({RR} 29. Bg3 Rde7) 29... g5 ({RR} 29... Nf4 30. Rxd7+ Nxd7 31. Rd1 Nf6) 30. Bf2 Kf6 ({RR} 30... Nf6 31. Rxd7+ Ncxd7) 31. Bxc5) 17. Ne2 Rae8 18. O-O-O ({RR} 18. Kd2 exd4 ({RR} 18... b5 19. Bb3 c5 20. dxc5 Nxc5 21. Ba2 Na4 22. Rhc1 Kh8 23. Rc2 g5 24. Rd1) ({RR} 18... Re7) 19. Nxd4 Ne5 20. Rhc1 Rf6 21. b4 Rd8 22. f4 Ng4 23. Bg1 Rf7 24. Bxc6) ({RR} 18. O-O exd4 19. Nxd4 Nxe3 20. Rfe1 f4 21. Bxc6 Bxc6 22. Nxc6 Ne5) 18... e4 19. Nc3 ({RR} 19. fxe4 fxe4) 19... N7f6 ({RR} 19... Nxc3) 20. Rhe1 Rc8 ({RR} 20... Kh8) ({RR} 20... Re6) 21. Nxd5 cxd5+ 22. Kd2 Bc6 23. Bb3 Bb5 24. Rc1 Bc4 ({RR} 24... a5 25. Bg3 Bc4 26. Bc2 Rc6 27. Be5 Rfc8) 25. Ba4 a5 ({RR} 25... Bd3 26. Bc6 Bc4) 26. b3) 16... e5 ({RR} 16... c5 17. Ne2 ({RR} 17. Bb5 N5f6 18. Ne2 a6 19. Bd3 g6 20. O-O e5 21. dxe5 Nxe5 22. Bc2 Kg7 23. b4 cxb4 24. axb4 Rfc8 25. Bb3 Bd5 26. Bxd5 Nxd5 27. e4 Nxb4 28. exf5 b5 29. f4 Ned3 30. Bd4+ Kh7 31. fxg6+ Kxg6) 17... Rac8 18. O-O c4 19. Bc2) 17. Ne2 Rae8 18. Rc1 $6 (18. O-O $142 {RR} e4 19. fxe4 fxe4 20. Bc4 N7f6 ({RR} 20... b5 21. Bxd5+ cxd5 22. Rfc1 Rc8 23. Nf4) 21. h3 Bc8 22. Nf4 Kh7 23. Nxd5 Nxd5 24. Rfe1 Be6 25. Rac1 Rf6 26. Bg3) ({RR} 18. O-O exd4 19. exd4 Nb8 ({RR} 19... f4 20. Rfe1) 20. Nc3 Ba6 21. Bxa6 Nxa6 22. Nxd5 cxd5 23. Rac1 Rf7 24. Rc2 Rc7 25. Rxc7 Nxc7 26. Bg3 Ne6 27. Re1 Kf7 28. Re5 Nxd4) 18... exd4 19. exd4 N7f6 $11 20. O-O (20. Kd2 $2 Ne4+ $1 $15 {[%csl Rd3,Rf2]}) ({RR} 20. Kd2 Ne4+) 20... Re7 ({RR} 20... g6 21. Rfe1) 21. Rfe1 $146 {[%csl Rf5][%mdl 8]} (21. Bg3 $143 {[%cal Gg3d6]} Rd8 22. Rfe1 f4 $1 23. Nxf4 $11 {½-½ Gelfand,B-Tiviakov,S/Elista,1998/CBM 65(Golod,V)(23)} (23. Nxf4 Rxe1+ 24. Rxe1 Nxf4 25. Bxf4 Rxd4 26. Re7 Rxd3 (26... Bc8 $2 27. Be4 $14) 27. Rxb7 $11) {RR} 23... Rxe1+ 24. Rxe1 Nxf4 25. Bxf4 Rxd4 26. Re7 Rxd3 ({RR} 26... Bc8 27. Be4) 27. Rxb7) ({RR} 21. Bg3 Rd8 22. Be5 Nd7 23. f4 c5 24. Bc4 Kh7 25. Bxd5 Bxd5 26. Ng3 Nxe5 27. dxe5 Be6 28. Rfd1 Red7 29. Rxd7 Rxd7 30. Rc2 Bb3 31. Rc1 g6 32. Nf1 g5 33. g3 Kg6 34. Rc3 Be6 35. Rc2 Rd4 {Comp Junior 6.0-Kaestner,M Debrecen 2000 0-1 (58)}) ({RR} 21. Bg3 Rd8 22. Rfe1 f4 23. Nxf4 {½-½ (23) Gelfand,B (2675)-Tiviakov,S (2640) Elista 1998 CBM 065 [Golod,Vitali]}) 21... Rfe8 $5 {[%csl Re2]} ({Worse is:} 21... f4 22. Nc3 Ne3 (22... Rfe8 23. Rxe7 Rxe7 24. Ne4 $14) 23. Ne4 {or 23.d1}) 22. Nc3 ({Senseless:} 22. Ng3 {in view of:} g6 {[%csl Yf5,Rg3,Yg6]}) 22... g6 $5 ({Good enough for equality:} 22... Rxe1+ 23. Rxe1 Rxe1+ 24. Bxe1 Bc8) ({Worse right away:} 22... f4 {because of:} 23. Rxe7 Rxe7 24. Ne4 $36 {[%csl Ge4]}) 23. Bc4 $5 {g3(×e5)} (23. Rxe7 {Piket} Rxe7 24. Re1) 23... f4 $1 {[%csl Gf4][%cal Gf4e3,Gf4g3]} 24. Rxe7 $5 ({Can be recommended:} 24. Bd3 Rxe1+ (24... Kg7 $143 25. Ne4 {/=}) 25. Bxe1 Kf7 26. Ne4) 24... Rxe7 $140 25. g3 {[%csl Rf4,Rg8][%cal Gg3f4]} Kg7 {Is the better move,than:} (25... g5 $6 26. gxf4 gxf4 27. Bh4 Rg7+ 28. Kf2 $36) ({and} 25... fxg3 26. Bxg3 $1 $14 {[%csl Re5][%cal Gg3e5]}) 26. Nxd5 (26. Ne2 $5 {Piket Nikolic}) 26... Nxd5 ({After:} 26... cxd5 $2 27. Bd3 {white has a big advantage in the endgame.}) 27. Bxd5 $1 {only chance srruggle for advantage.} cxd5 28. gxf4 Rf7 $1 {[%csl Gc1,Rf4][%cal Gf7f6,Gf6c6]} (28... Ba6 {Piket} 29. Rc3 $14) 29. Bg3 (29. Be3 $144) 29... Rf6 {[%cal Gf6c6] '?!' Piket.} 30. Rc7+ Rf7 31. Rc3 Rf6 32. f5 $5 {Differently draw right away.} Rxf5 33. Bb8 {[%csl Ra7,Rb6]} a6 34. Bc7 {'?' Piket.} (34. Be5+ {Piket} Kg8 35. a4 $1 g5 $5 (35... b5 36. axb5 axb5 37. Kf2) 36. Kf2 (36. Rb3 b5 37. axb5 axb5 38. Rxb5 Ba6)) 34... b5 35. Be5+ Kg8 36. Kf2 Rf8 $1 {[%cal Gf8c8]} 37. Rc7 Rf7 38. Rc5 Rf8 39. Ke3 ({Also equality after:} 39. Rc2 Rc8 40. Re2 Kf7 $11) 39... Rc8 40. Rxc8+ (40. b4 Kf7 41. h4 Ke6 $11) 40... Bxc8 {[%csl Yc8,Ge5]} 41. Kd3 a5 1/2-1/2

[Event "Bugojno"]
[Site "Bugojno"]
[Date "1978.03.16"]
[Round "15"]
[White "Portisch, Lajos"]
[Black "Karpov, Anatoly"]
[Result "0-1"]
[WhiteElo "2630"]
[BlackElo "2725"]
[Annotator "Bulletin"]
[PlyCount "80"]
[EventDate "1978.02.27"]
[EventType "tourn"]
[EventRounds "15"]
[EventCountry "YUG"]
[EventCategory "14"]
[SourceTitle "MCL"]
[Source "ChessBase"]
[SourceDate "1999.07.01"]
[SourceVersion "1"]
[SourceVersionDate "1999.07.01"]
[SourceQuality "1"]

1. d4 Nf6 2. c4 e6 3. Nc3 Bb4 4. e3 O-O 5. Bd3 c5 6. Nf3 d5 7. O-O dxc4 8. Bxc4 cxd4 9. exd4 b6 10. Bg5 Bb7 11. Re1 Nbd7 12. Rc1 Rc8 13. Bd3 Bxc3 14. bxc3 Qc7 15. c4 ({RR} 15. Qe2 Rfe8 {½-½ (18) Acs,P (2497)-Nguyen,A (2487) Budapest 2000}) 15... Rfe8 16. Qe2 h6 (16... Qc6 17. h3 Rcd8 18. Rcd1 Nf8 19. Qe5 N6d7 20. Qg3 $16 {Gligoric-Portisch, Lugano 1968}) 17. Bd2 (17. Bh4 Qf4 18. Qe3 Qg4 19. h3 Qh5 $13) 17... Bxf3 18. Qxf3 e5 19. Qg3 $146 (19. d5 Nc5 20. Bc2 e4 $13) 19... exd4 20. Rxe8+ Nxe8 21. Bf4 Qc6 22. Bf5 {23.xd7 xd7 24.xh6} Rd8 23. h3 $19 (23. Bc7 $2 {Portisch's Plan} Nxc7 $19) 23... Nc5 24. Rd1 Qf6 25. Bb1 Qe6 26. Kh2 Kf8 27. Be5 Qxc4 28. Qf4 Ne6 29. Qe4 Qd5 30. Qe2 Nd6 31. a4 Nc4 32. Bg3 Nc5 33. Ba2 d3 34. Qe1 Qd4 35. f3 Ne3 36. Rd2 Re8 37. Qc1 Nxa4 38. Kh1 Nc5 39. Bf2 Qe5 40. Bb1 Kg8 {41..b3 42.a3 f1} 0-1

[Event "Najdorf Memorial 12th"]
[Site "Buenos Aires"]
[Date "2001.09.12"]
[Round "8"]
[White "Radjabov, Teimour"]
[Black "Karpov, Anatoly"]
[Result "1/2-1/2"]
[WhiteElo "2558"]
[BlackElo "2692"]
[PlyCount "117"]
[EventDate "2001.09.04"]
[EventType "tourn"]
[EventRounds "9"]
[EventCountry "ARG"]
[EventCategory "14"]
[SourceTitle "CBM 085"]
[Source "ChessBase"]
[SourceDate "2001.11.13"]
[SourceVersion "1"]
[SourceVersionDate "2001.11.13"]
[SourceQuality "1"]

1. d4 Nf6 2. c4 e6 3. Nc3 Bb4 4. e3 O-O 5. Bd3 c5 6. Nf3 d5 7. O-O cxd4 8. exd4 dxc4 9. Bxc4 b6 10. Bg5 Bb7 11. Rc1 Nc6 12. a3 Bxc3 13. Rxc3 Rc8 14. Ba2 Ne7 15. Rxc8 Qxc8 16. Ne5 Nfd5 17. Bxe7 $146 ({RR} 17. Bb1 f6 18. Qh5 Nf5 19. g4 fxg5 20. gxf5 Nf4 21. Qg4 h5 {0-1 (21) Brunner,N (2418)-Alekseev,E (2642) Skopje 2015}) 17... Nxe7 18. Re1 Nd5 19. Bb1 Qd8 20. Be4 Ba8 21. Qd2 Ne7 22. f3 Qd6 23. Rc1 f6 24. Nc4 Qd7 25. Rd1 Rd8 26. Ne3 Bc6 27. Qc2 Rc8 28. Qb1 h6 29. Bxc6 Rxc6 30. Qe4 Kf7 31. Kf2 b5 32. Ke2 a6 33. g3 Rd6 34. Ke1 Qd8 35. Ke2 Nd5 36. Nxd5 Rxd5 37. Rd3 a5 38. Qe3 Qd6 39. Qd2 b4 40. axb4 axb4 41. Ke1 Qb6 42. Ke2 h5 43. Kd1 Qd6 44. Kc2 Qc6+ 45. Kd1 Qa6 46. Qc2 h4 47. gxh4 Qd6 48. Qc4 Qxh2 49. Qxb4 Qxh4 50. Kc2 Qh2+ 51. Qd2 Qd6 52. Qc3 Rb5 53. Kb1 Qd7 54. Rd1 Qb7 55. Rd3 Rb6 56. Qc2 Rd6 57. Rc3 Rd7 58. Rc6 Qb5 59. Rc7 1/2-1/2

[Event "Valjevo"]
[Site "Valjevo"]
[Date "2007.06.19"]
[Round "7"]
[White "Roiz, Michael"]
[Black "Karpov, Anatoly"]
[Result "1-0"]
[WhiteElo "2605"]
[BlackElo "2668"]
[PlyCount "87"]
[EventDate "2007.06.13"]
[EventType "tourn"]
[EventRounds "9"]
[EventCountry "YUG"]
[EventCategory "15"]
[SourceTitle "CBM 119"]
[Source "ChessBase"]
[SourceDate "2007.08.01"]
[SourceVersion "1"]
[SourceVersionDate "2007.08.01"]
[SourceQuality "1"]

1. d4 {ChessBase II} Nf6 2. c4 e6 3. Nc3 Bb4 4. Qc2 d5 5. a3 Bxc3+ 6. Qxc3 Ne4 7. Qc2 c5 8. dxc5 Nc6 9. e3 Qa5+ 10. Bd2 Qxc5 11. b4 Qe7 12. Bc1 Nf6 $146 ({RR} 12... O-O 13. Nf3 Bd7 14. Bd3 f5 15. O-O Rac8 16. Qa2 dxc4 17. Bxc4 Rfd8 18. Bb2 b5 19. Bb3 a5 20. Rad1 Re8 21. bxa5 Nxa5 22. Ne5 Bc6 23. Nxc6 Rxc6 24. Rc1 Rxc1 25. Rxc1 Nc5 26. Bc2 Nc4 27. Bc3 {Alatortsev,V-Kan,I Leningrad 1934 URS-ch [ChessBase II] ½-½ (91)}) ({RR} 12... a5 13. b5 Ne5 14. Bb2 Ng4 15. Nh3 O-O 16. Be2 e5 17. O-O Ngf6 18. f4 Bxh3 19. fxe5 Ng4 20. cxd5 f5 21. exf6 Nexf6 22. Rf3 Bxg2 23. Bc4 Bxf3 24. d6+ Qf7 25. Bxf7+ Rxf7 26. Rc1 Nd7 27. Qb3 {Ivanisevic,I (2614)-Almasi,Z (2675) Vogosca 2007 0-1 (47)}) ({RR} 12... O-O 13. Nf3 Nf6 14. Bb2 a6 15. Rd1 dxc4 16. Bxc4 e5 17. h3 Be6 18. Bxe6 Qxe6 19. Ng5 Qe7 20. O-O Rac8 21. Qf5 h6 22. Nf3 Rfe8 23. Rc1 Qd7 24. Qb1 Qe6 25. Rfd1 Rcd8 26. Ba1 Rxd1+ 27. Rxd1 {Munkhgal,G (2392)-Szalay-Ocsak,B (2156) Budapest HUN 2024 1-0 (47)}) ({RR} 12... O-O 13. Nf3 Bd7 14. Bd3 Nf6 15. O-O Rac8 16. Qa2 dxc4 17. Bxc4 b5 18. Bb3 a5 19. bxa5 Nxa5 20. Bd2 Nc6 21. Nd4 Qc5 22. Nxc6 Qxc6 {½-½ (22) Machlik,M (2083)-Rosenkilde,A (2255) Helsingor 2019}) 13. Bb2 dxc4 14. Qxc4 a6 15. Nf3 O-O 16. Rc1 Bd7 17. Bd3 Rfe8 18. Qc5 Rac8 19. Ke2 h6 20. Rhd1 Qxc5 21. Rxc5 Nd5 22. Nd2 Na7 23. Ne4 Rxc5 24. Nxc5 Bc6 25. Rc1 Nb6 26. f3 Rc8 27. Be4 Nd5 28. Kf2 Kf8 29. Bb1 Nb5 30. e4 Nf6 31. Bd3 Ke7 32. Ke3 Nc7 33. Nb3 Nb5 34. Na5 Kd7 35. Nc4 Ke7 36. a4 Na7 37. Bd4 Ra8 38. Bc5+ Ke8 39. Nd6+ Kd7 40. b5 axb5 41. axb5 b6 42. Ba3 Nxb5 43. Nxb5 Ra5 44. Rb1 1-0

[Event "Bundesliga 9394"]
[Site "Germany"]
[Date "1994.03.20"]
[Round "11.1"]
[White "Rozentalis, Eduardas"]
[Black "Karpov, Anatoly"]
[Result "1/2-1/2"]
[WhiteElo "2610"]
[BlackElo "2740"]
[PlyCount "155"]
[EventDate "1993.11.06"]
[EventType "team-tourn"]
[EventRounds "15"]
[EventCountry "GER"]
[SourceTitle "GER-chT"]
[Source "ChessBase"]
[SourceDate "1999.07.01"]
[SourceVersion "1"]
[SourceVersionDate "1999.07.01"]
[SourceQuality "1"]
[WhiteTeam "Koblenz"]
[BlackTeam "Stadthagen"]
[WhiteTeamCountry "GER"]
[BlackTeamCountry "GER"]

1. e4 c6 2. d4 d5 3. exd5 cxd5 4. c4 Nf6 5. Nc3 e6 6. Nf3 Bb4 7. Bd3 O-O 8. O-O dxc4 9. Bxc4 b6 10. Bg5 Bb7 11. Qe2 Bxc3 12. bxc3 Nbd7 13. Bd3 Qc7 14. Rfc1 Rfe8 ({RR} 14... h6 15. Bh4 Nh5 16. Qe3 Qf4 17. Bg3 Qxe3 18. fxe3 Nxg3 19. hxg3 Rfd8 20. a4 Nc5 21. Bc2 Ne4 22. Bxe4 Bxe4 23. c4 Rac8 24. a5 f6 25. Nd2 Bg6 26. axb6 axb6 27. Ra2 e5 28. dxe5 fxe5 29. Nf3 {Sasikiran,K (2694)-Aveskulov,V (2544) Beijing 2008 ½-½ (31)}) ({RR} 14... Rae8 15. Bb5 Bc6 16. a4 Rc8 17. Bd3 Rce8 18. Bb5 Rc8 19. Bh4 Qf4 20. Bg3 Qe4 21. Qd1 Rfe8 22. Bf1 Qg4 23. Be2 Qe4 24. Qf1 Nh5 25. Nd2 Nxg3 26. hxg3 Qg6 27. Bd3 Qf6 28. f4 Bd5 29. Qf2 {Pultinevicius,P (2517)-Seo,J (2469) Parnu EST 2023 1-0 (61)}) 15. Bh4 Nh5 16. Bg3 $146 ({RR} 16. Bb5 Bc6 17. a4 h6 18. Ne5 Bxb5 19. Qxh5 Nxe5 20. Bg3 Bc4 21. Bxe5 Qe7 22. Qg4 f6 23. Bf4 Kh7 24. h4 Rad8 25. a5 b5 26. Re1 Rd5 27. Qd1 Qf7 28. Qc2+ Rf5 29. Re3 Kg8 30. Bg3 Rc8 {Zsinka,L (2320)-Kohlweyer,B (2330) Dortmund 1987 ½-½ (40)}) 16... Nxg3 17. hxg3 Rac8 18. Bb5 Red8 19. a4 Bxf3 20. Qxf3 Nf6 21. Ba6 Rb8 22. Qe2 Rd6 23. Qe5 Qd8 24. Rab1 g6 25. Be2 Rd5 26. Qe3 Rc8 27. Rb5 Rd7 28. Bf3 Ne8 29. Rb3 Nd6 30. Be2 Nc4 31. Bxc4 Rxc4 32. Ra1 Qc7 33. Raa3 Rd5 34. Rb5 Rxa4 35. Rxa4 Rxb5 36. c4 Rb1+ 37. Kh2 a5 38. d5 Qd7 39. dxe6 Qxa4 40. exf7+ Kxf7 41. Qf4+ Ke7 42. Qe4+ Kd7 43. Qxb1 Qc6 44. Qd3+ Kc7 45. f4 Qe6 46. Qb3 Qe2 47. Qa4 Qh5+ 48. Kg1 Qc5+ 49. Kh2 Qb4 50. Qc2 a4 51. g4 a3 52. f5 Qa5 53. Qe4 a2 54. Qe7+ Kc6 55. f6 a1=Q 56. Qe8+ Kc5 57. f7 Qf6 58. f8=Q+ Qxf8 59. Qxf8+ Kxc4 60. Qf1+ Kd4 61. Qf4+ Kd5 62. Qf7+ Ke4 63. Qxh7 Qe5+ 64. Kh3 Qd6 65. Qf7 Ke5 66. g3 Qe6 67. Qf8 g5 68. Qh8+ Qf6 69. Qe8+ Kd6 70. Qb8+ Kc5 71. Qc7+ Kd4 72. Qc2 Qh6+ 73. Kg2 b5 74. Qd2+ Kc5 75. Qc3+ Kb6 76. Qe3+ Kb7 77. Qe7+ Ka6 78. Qa3+ 1/2-1/2

[Event "World Cup"]
[Site "Skelleftea"]
[Date "1989.08.??"]
[Round "3"]
[White "Salov, Valery"]
[Black "Karpov, Anatoly"]
[Result "1/2-1/2"]
[WhiteElo "2645"]
[BlackElo "2755"]
[Annotator "Bulletin"]
[PlyCount "57"]
[EventDate "1989.08.??"]
[EventType "tourn"]
[EventRounds "15"]
[EventCountry "SWE"]
[EventCategory "16"]
[SourceTitle "CBM 014"]
[Source "ChessBase"]
[SourceDate "1990.02.01"]
[SourceVersion "1"]
[SourceVersionDate "1990.02.01"]
[SourceQuality "1"]

1. d4 Nf6 2. c4 e6 3. Nc3 Bb4 4. Qc2 O-O 5. a3 Bxc3+ 6. Qxc3 b6 7. Bg5 Bb7 8. f3 h6 9. Bh4 d5 10. e3 Nbd7 11. cxd5 Nxd5 {'!' Bulletin. Bulletin: 'Polugaevskys Verteidigungsidee  CBM12/S.85; Gurevich,M-Polugaevsky,L/New York op/1989/½-½/; Olafsson,H-Polugaevsky,L/New York op/1989/½-½/'} 12. Bxd8 Nxc3 13. Bxc7 (13. Bh4 Nd5 14. Bf2 c5 15. e4 Ne7 {Gurevich,M-Plugaevsky,L/New York op/1989/½-½/ CBM12/S.85}) 13... Nd5 14. Bd6 Nxe3 15. Kf2 Nc2 16. Rd1 Rfc8 17. Bb5 Nf6 18. Ne2 a6 19. Ba4 b5 20. Bb3 Bd5 21. Bxd5 Nxd5 22. Rd3 Rc6 23. Bc5 e5 24. b4 ({RR} 24. Rc1 Nxd4 25. Bxd4 Rxc1 26. Nxc1 exd4 27. Rxd4 Nb6 28. Nd3 Rc8 29. Rd6 Nc4 30. Rxa6 Nxb2 31. Nxb2 Rc2+ {½-½ (31) Piket,J (2632)-Karpov,A (2679) Monte Carlo 2001}) 24... Nxd4 25. Nxd4 exd4 26. Rxd4 Nb6 $146 ({RR} 26... Nc7 27. Rd6 Rxd6 28. Bxd6 Nd5 29. Bc5 Rd8 {½-½ (29) Oll,L (2510)-Dorfman,J (2565) Moscow 1989}) 27. Bxb6 Rxb6 28. Rc1 Re8 29. Rd3 1/2-1/2

[Event "World Cup"]
[Site "Rotterdam"]
[Date "1989.??.??"]
[Round "?"]
[White "Seirawan, Yasser"]
[Black "Karpov, Anatoly"]
[Result "0-1"]
[WhiteElo "2610"]
[BlackElo "2750"]
[PlyCount "84"]
[EventDate "1989.06.??"]
[EventType "tourn"]
[EventRounds "15"]
[EventCountry "NED"]
[EventCategory "15"]
[SourceTitle "CBM 013"]
[Source "ChessBase"]
[SourceDate "1989.12.01"]
[SourceVersion "1"]
[SourceVersionDate "1989.12.01"]
[SourceQuality "1"]

1. d4 {Hecht,Hans Joachim} Nf6 2. c4 e6 3. Nc3 Bb4 4. Qc2 O-O 5. a3 Bxc3+ 6. Qxc3 b6 7. Bg5 Bb7 8. f3 h6 9. Bh4 d5 10. cxd5 exd5 11. e3 Re8 12. Bf2 c5 13. Bb5 cxd4 14. Qxd4 Bc6 15. Bd3 Nbd7 16. Ne2 Nc5 17. Bc2 Bb5 18. Qd2 $146 ({RR} 18. Nc3 Bc4 19. O-O-O Nb3+ 20. Bxb3 Bxb3 21. Rd2 Nd7 22. Kb1 Nc5 23. Nxd5 Qg5 24. e4 Bxd5 25. Qxd5 Qxg2 26. Rg1 Qxf3 27. Bxc5 bxc5 28. Rdg2 Qxe4+ 29. Qxe4 Rxe4 30. Rxg7+ Kh8 31. Rxf7 Re2 32. Rb7 Rxh2 {Beliavsky,A (2650)-Lautier,J (2596) Enghien les Bains 1999 CBM 070 [Hecht,Hans Joachim] ½-½ (81)}) ({RR} 18. Nc3 Bc4 19. O-O-O Nb3+ 20. Bxb3 Bxb3 21. Rd2 Qe7 22. Kb1 Rab8 23. Rc1 b5 24. Qb4 Bc4 25. Qxe7 Rxe7 26. Ne2 b4 27. axb4 Rxb4 28. Nd4 Reb7 29. Bg3 Nd7 30. Nc6 Ra4 31. Ne7+ Kh7 32. Nxd5 Nc5 {Borsuk,A (2341)-Stockova,Z (2377) Turin 2006 ½-½ (58)}) 18... Rc8 19. Nd4 Bc4 20. Bg3 Nh5 21. Kf2 Qf6 22. Rac1 Ne4+ 23. Bxe4 dxe4 24. Rc3 exf3 25. gxf3 Bd5 26. Rxc8 Rxc8 27. Rc1 Rd8 28. Qe2 Nxg3 29. hxg3 h5 30. Qa6 Bxf3 31. Qxa7 Bg4+ 32. Ke1 Rxd4 33. exd4 Qe6+ 34. Kd2 Qe2+ 35. Kc3 Qe3+ 36. Kc2 Bf5+ 37. Kd1 Qxd4+ 38. Ke1 Qe3+ 39. Kd1 Qd3+ 40. Ke1 Qxg3+ 41. Kd1 Qg1+ 42. Kd2 Qf2+ 0-1